00549nam a22001577a 450000500170000001000150001702000260003203500140005808200080007210000190008024500720009925000100017126000600018127001200024130000300036120240704172009.0 aENG-140758 c320.00a9789356063778 aEN-124290 a480 aPandey, Vineet aNTA CUET (UG) Prep Smart:bEnglish Language Test/cby Vineet Pandey aFirst bPearson India Education Services Pvt. Ltd,aNoidac2023 a1st Floor, Berger Tower, aPlot No. C-001A/2, Sector 16BbUttar Pradeshe201301mcompanysecretary.india@pearson.com avarious pages.c23cm (Pb)